La responsabilidad civil en el marco del derecho de consumo: las acciones en defensa de intereses colectivos: análisis comparado del derecho angloamericano

Guardat en:
Dades bibliogràfiques
Autor principal: Viguri Perea, Agustín (Autor)
Format: Llibre
Idioma:espanyol
Publicat: Granada Comares 1997
Col·lecció:Biblioteca Comares de Ciencia Jurídica
Matèries:
Etiquetes: Afegir etiqueta
Sense etiquetes, Sigues el primer a etiquetar aquest registre!

MARC

LEADER 00000nam a2200000 a 4500
001 UCP5075
003 CL-VaPUC
008 990827e19970000SP |||||||||||||||||spa|d
082 0 4 |a 346.02  |b VIG  |2 21 
100 0 |a Viguri Perea, Agustín  |e author  |9 433199 
245 1 3 |a La responsabilidad civil en el marco del derecho de consumo: las acciones en defensa de intereses colectivos: análisis comparado del derecho angloamericano 
300 |a 323 p 
942 |c BK 
945 |d 19990827 00:00:00  |a vberengu 
260 |a Granada  |b Comares  |c 1997 
650 7 |a DAÑOS  |2 CL-VaPUC  |9 385714 
650 7 |a RESPONSABILIDAD CIVIL  |2 CL-VaPUC  |9 433200 
650 7 |a DERECHO ESTADOUNIDENSE  |2 CL-VaPUC  |9 385416 
650 0 |a Consumo  |9 333893 
583 |a last modification  |c 20161102 05:16:50  |k Rodrigo Vera 
490 0 |a Biblioteca Comares de Ciencia Jurídica 
999 |c 282901  |d 282899 
952 |0 0  |1 0  |4 0  |6 346_020000000000000_VIG_1997  |7 0  |8 A  |9 325501  |a BIBDER  |b BIBDER  |d 2019-11-20  |i 3546918  |o 346.02 VIG 1997  |p 3546918  |r 2023-01-25  |w 2019-11-20  |y BK  |k DER 
952 |0 0  |1 0  |4 0  |6 346_020000000000000_VIG_1997  |7 0  |8 A  |9 325502  |a BIBDER  |b BIBDER  |d 2019-11-20  |i 3876772  |l 1  |o 346.02 VIG 1997  |p 3876772  |r 2023-04-28  |s 2023-04-21  |w 2019-11-20  |y BK  |k DER